<?xml version="1.0" encoding="UTF-8"?>
<record
    xmlns:xsi="http://www.w3.org/2001/XMLSchema-instance"
    xsi:schemaLocation="http://www.loc.gov/MARC21/slim http://www.loc.gov/standards/marcxml/schema/MARC21slim.xsd"
    xmlns="http://www.loc.gov/MARC21/slim">

  <leader>00674nam a22002057a 4500</leader>
  <datafield tag="952" ind1=" " ind2=" ">
    <subfield code="a">0001</subfield>
    <subfield code="b">0001</subfield>
    <subfield code="d">2021-12-13</subfield>
    <subfield code="l">0</subfield>
    <subfield code="o">385.109 E26b 1972</subfield>
    <subfield code="p">020173</subfield>
    <subfield code="r">2021-12-13 00:00:00</subfield>
    <subfield code="w">2021-12-13</subfield>
    <subfield code="x">Emin De&#x11F;er Ba&#x11F;&#x131;&#x15F;&#x131;d&#x131;r.</subfield>
    <subfield code="y">BKS</subfield>
  </datafield>
  <datafield tag="999" ind1=" " ind2=" ">
    <subfield code="c">14684</subfield>
    <subfield code="d">14684</subfield>
  </datafield>
  <controlfield tag="003">MIRAKIL</controlfield>
  <controlfield tag="005">20211213172812.0</controlfield>
  <controlfield tag="008">211213b        tu ||||| |||| 00| 0 tur d</controlfield>
  <datafield tag="040" ind1=" " ind2=" ">
    <subfield code="a">TR-AnCHP</subfield>
    <subfield code="c">TR-AnCHP</subfield>
  </datafield>
  <datafield tag="041" ind1=" " ind2=" ">
    <subfield code="a">tur</subfield>
  </datafield>
  <datafield tag="082" ind1=" " ind2=" ">
    <subfield code="a">385.109</subfield>
    <subfield code="b">E26b 1972</subfield>
  </datafield>
  <datafield tag="100" ind1=" " ind2=" ">
    <subfield code="a">Earle, Edward Mead</subfield>
  </datafield>
  <datafield tag="245" ind1="1" ind2="0">
    <subfield code="a">Ba&#x11F;dat demiyolu sava&#x15F;&#x131; / </subfield>
    <subfield code="c">Edward Mead Earle ; T&#xFC;rk&#xE7;esi : Kas&#x131;m Yarg&#x131;c&#x131;</subfield>
  </datafield>
  <datafield tag="260" ind1=" " ind2=" ">
    <subfield code="a">&#x130;stanbul : </subfield>
    <subfield code="b">Milliyet Yay&#x131;nlar&#x131;,</subfield>
    <subfield code="c">1972.</subfield>
  </datafield>
  <datafield tag="300" ind1=" " ind2=" ">
    <subfield code="a">373 s.:</subfield>
    <subfield code="b">res.;</subfield>
    <subfield code="c">19 sm.</subfield>
  </datafield>
  <datafield tag="490" ind1="0" ind2=" ">
    <subfield code="a">Milliyet yay&#x131;nlar&#x131;:</subfield>
    <subfield code="a">Tarih Kitaplar&#x131; dizisi ; </subfield>
    <subfield code="v">18.</subfield>
  </datafield>
  <datafield tag="650" ind1=" " ind2="0">
    <subfield code="9">5615</subfield>
    <subfield code="a">Demiryollar&#x131;</subfield>
    <subfield code="x">Ba&#x11F;dat Demiryolu</subfield>
  </datafield>
  <datafield tag="700" ind1="1" ind2=" ">
    <subfield code="9">4312</subfield>
    <subfield code="a">Yarg&#x131;c&#x131;, Kas&#x131;m</subfield>
    <subfield code="e">&#xE7;ev.</subfield>
  </datafield>
  <datafield tag="942" ind1=" " ind2=" ">
    <subfield code="2">ddc</subfield>
    <subfield code="c">BKS</subfield>
  </datafield>
</record>
